000 00326nam a2200133Ia 4500
008 150201s2012 xx 000 0 und d
082 _a610.72
_bG12S
100 _aSHARMA, MEENA
245 _aGENERAL ENGLISH FOR B.SC NURSING
260 _bKUMAR PUB.
_aDELHI
_c2012
300 _a310
650 _aNURSING
942 _2ddc
_cBK
_039
999 _c2206
_d2206